BIBLIOTECA PODER JUDICIAL
Portal Judicial TDF

Reparación de los daños provocados al trabajador por la omisión de registro laboral con base en el instituto del enriquecimiento sin causa del art. 1794 del Cód. Civ. y Com. / (Registro nro. 6470)

000 -LEADER
fixed length control field 01437nab a22002297a 4500
003 - CONTROL NUMBER IDENTIFIER
control field OSt
005 - DATE AND TIME OF LATEST TRANSACTION
control field 20260209124119.0
008 - FIXED-LENGTH DATA ELEMENTS--GENERAL INFORMATION
fixed length control field 190506c xxu||||| |||| 00| 0 spa d
040 ## - CATALOGING SOURCE
Transcribing agency PJ
100 ## - MAIN ENTRY--PERSONAL NAME
9 (RLIN) 5719
Personal name Favier, Mariano
245 10 - TITLE STATEMENT
Title Reparación de los daños provocados al trabajador por la omisión de registro laboral con base en el instituto del enriquecimiento sin causa del art. 1794 del Cód. Civ. y Com. /
Statement of responsibility, etc Mariano Favier.
260 ## - PUBLICATION, DISTRIBUTION, ETC. (IMPRINT)
Place of publication, distribution, etc Buenos Aires :
Name of publisher, distributor, etc AbeledoPerrot,
Date of publication, distribution, etc 2025.
300 ## - PHYSICAL DESCRIPTION
Extent p. 17-25
500 ## - GENERAL NOTE
General note Cita: TR LALEY AR/DOC/232/2025.<br/>
505 ## - FORMATTED CONTENTS NOTE
Formatted contents note Sumario: I. Introducción.— II. De falacias y equívocos: de la "industria del juicio laboral" a las mal llamadas "multas legislativas".— III. Responsabilidad por incumplimientos contractuales y derecho de daños en el ámbito laboral.— IV. Resarcimiento de los daños provocados por incumplimiento contractual de registro e ingreso de aportes del empleador con base en el enriquecimiento sin causa del art. 1794 Cód. Civ. y Com.— V. El problema de la prescripción.— VI. Conclusiones.
505 ## - FORMATTED CONTENTS NOTE
Title ¿Te interesa el texto completo? Comunicate al correo: koha@justierradelfuego.gov.ar
650 #0 - SUBJECT ADDED ENTRY--TOPICAL TERM
9 (RLIN) 1316
Topical term or geographic name as entry element DERECHO LABORAL
650 #0 - SUBJECT ADDED ENTRY--TOPICAL TERM
9 (RLIN) 289
Topical term or geographic name as entry element CONTRATO DE TRABAJO
650 #0 - SUBJECT ADDED ENTRY--TOPICAL TERM
Topical term or geographic name as entry element REGISTRACION LABORAL
773 0# - HOST ITEM ENTRY
Host Biblionumber 2751
Host Itemnumber 3202
Place, publisher, and date of publication Buenos Aires : AbeledoPerrot, 2013-
Title Revista de derecho laboral y seguridad social. Nº 6 - Marzo 2025
942 ## - ADDED ENTRY ELEMENTS (KOHA)
Source of classification or shelving scheme
Koha item type Analítica Artículo de Revista

No hay ítems disponibles.

12 de Octubre 789 Ushuaia - Tel:  54(02901)441571
Horario de Atención: 8.00 a 17.00 hs. 
bibliotecaush@justierradelfuego.gov.ar
koha@justierradelfuego.gov.ar
Seguinos en nuestras redes @bibliojustdf 

Con tecnología Koha